"Aye, Aye Cap'n!" - Statistics

General Stats
  • This quiz has been taken 12 times
  • The average score is 5 of 13
Answer Stats
Clue Answer % Correct
William Shatner, not TJ Hooker, the other one! Kirk
91%
Famous for 'spiced rum' bearing his name Morgan
91%
Jean-Luc? Picard
91%
Created by Jules Verne Nemo
64%
Famous for his fish fingers, frozen peas and white beard Birds Eye
36%
Played by Arthur Lowe, in Dads Army Mainwaring
27%
Ex-husband of HRH Princess Royal Mark Phillips
27%
Head floorwalker at Grace Brothers department store Peacock
27%
Had a hit with HAPPY TALK Sensible
27%
Fictional pirate created by John Ryan, first name Horatio Pugwash
18%
Informal name of Sir Thomas Moore, coronavirus hero Tom
18%
Captain of the ill-fated Titanic Smith
9%
Starsky and Hutchs' boss, played by Bernie Hamilton Dobey
0%
No matching quizzes found
Score Distribution
Percent of People with Each Score
Percentile by Number Answered
Your Score History
You have not taken this quiz